| 000 | 00376nam a2200145Ia 4500 | ||
|---|---|---|---|
| 008 | 230711s9999||||xx |||||||||||||| ||und|| | ||
| 041 | _aENG | ||
| 082 |
_a4 _bTA-S |
||
| 100 | _aTanenbaum,Andrew S | ||
| 245 | 0 | _aStructured computer organization | |
| 250 | _a4th Ed. | ||
| 260 |
_c2001 _aNew Delhi _bPHI Learning Private Limited |
||
| 650 | _aComputer Engineering | ||
| 942 | _cBK | ||
| 999 |
_c3860 _d3860 |
||